000 00684nas a2200253 4500
001 BR8806069
003 BR-BrBNA
005 20231205091321.0
007 ta
008 230509b bl.|||p| |||| 00| 00por d
040 _aBR-BrBNA
_bpor
_cBiblioteca Nacional de Agricultura
041 _a(Pt)
072 _aF01; F06
100 1 _aAnon.
245 1 _aAgua na medida certa [cafeicultura]
650 _aCAFE
650 _aCAFEICULTURA
650 _aIRRIGACAO
650 _aUMIDADE
650 _aAGROMETEOROLOGIA
773 0 _tGlobo Rural (Brazil)
_xISSN 0102-6178
_g(Mar 1988), v. 3(30) p. 39-44
_wBR8806069
909 _a202311
_bLúcia
_c55
_dLúcia Elande
942 _2AGRIS
_n0
_cANA
999 _c124315
_d124315